| 000 | 00999nam a22003377a 4500 | ||
|---|---|---|---|
| 001 | BR8703702 | ||
| 003 | BR-BrBNA | ||
| 005 | 20230928092624.0 | ||
| 007 | ta | ||
| 008 | 230509b bl.||||| |||| 00| 0 por d | ||
| 040 |
_aBR-BrBNA _bpor _cBiblioteca Nacional de Agricultura |
||
| 041 | _a(Por) | ||
| 072 |
_aP01; K11 _b/G514 |
||
| 090 | _ P01 BR8703702 | ||
| 100 | 1 | _aRamalho, R.S. | |
| 100 | 1 | _aVale, A.B. do | |
| 100 | 1 | _aFernandes, B. | |
| 100 | 1 | _aFreire, J.A.H. | |
| 100 | 1 | _aLelis, J.G. de | |
| 110 | 1 | _aUniversidade Federal de Vicosa, MG (Brasil) | |
| 245 | 1 | _aRelatorio a Superintendencia do Desenvolvimento da Amazonia sobre estudos basicos de engenharia florestal, na Amazonia | |
| 260 | 3 |
_aVicosa, MG (Brasil): _c1971. |
|
| 300 | _a126 p. | ||
| 500 | _a73 illus.; 18 ref.; 14 tables | ||
| 650 | _aPRESERVACAO DA NATUREZA | ||
| 650 | _aMEIO AMBIENTE | ||
| 650 | _aENGENHARIA FLORESTAL | ||
| 650 | _aAMAZONIA | ||
| 909 |
_a202309 _bLucia _c55 _dLucia Elande |
||
| 942 | _cBK | ||
| 999 |
_c40214 _d40214 |
||